[Event "Tournoi MI"]
[Site "?"]
[Date "2013.07.10"]
[Round "5"]
[White "Sochacki, Wojtek"]
[Black "Bouget, Alexandre"]
[Result "1-0"]
[WhiteElo "2264"]
[BlackElo "2257"]
[Annotator "Catalin"]
[PlyCount "64"]
[EventDate "2013.07.07"]
[EventRounds "9"]
[SourceDate "2013.07.07"]

1. d4 Nf6 2. Nf3 d5 3. g3 e6 4. Bg2 c5 5. c4 Nc6 6. cxd5 exd5 7. O-O Ne4 8. Nc3
Be7 9. dxc5 Nxc3 10. bxc3 Bxc5 11. Nd4 O-O 12. Nb3 Bb6 13. Qxd5 Be6 14. Qxd8
Rfxd8 15. Ba3 Bc4 16. Rfe1 Rd7 17. Bc5 Bxb3 18. Bxb6 Ba4 19. Be3 Rad8 20. Rab1
b6 21. Bg5 f6 22. Be3 Kf7 23. h4 g6 24. Rbc1 Rc7 25. Bh3 h5 26. Bd4 Re7 27. Be3
Na5 28. Bd4 Nc6 29. Be3 Na5 30. c4 Rc7 31. c5 bxc5 32. Rxc5 Rxc5 {suite
illisible.} 1-0

[Event "Tournoi MI"]
[Site "?"]
[Date "2013.07.11"]
[Round "6"]
[White "Navrotescu, Andreea"]
[Black "Bouget, Alexandre"]
[Result "0-1"]
[WhiteElo "2112"]
[BlackElo "2257"]
[PlyCount "96"]
[EventDate "2013.07.07"]
[EventRounds "9"]
[SourceDate "2013.07.07"]

1. d4 d5 2. c4 e6 3. Nc3 c5 4. cxd5 cxd4 5. Qa4+ Bd7 6. Qxd4 exd5 7. Nf3 Nc6 8.
Qd1 Bc5 9. e3 Nf6 10. Bb5 O-O 11. O-O Bg4 12. h3 Bh5 13. b3 Qa5 14. Bb2 d4 15.
exd4 Nxd4 16. Be2 Nxe2+ 17. Qxe2 Rfe8 18. Qc4 Bxf3 19. gxf3 Rac8 20. Qh4 Be7
21. Rac1 Qf5 22. Ne4 Qxf3 23. Nxf6+ Bxf6 24. Bxf6 Qxf6 25. Qxf6 gxf6 26. Kg2
Rxc1 27. Rxc1 Re2 28. a4 Rb2 29. Rc3 f5 30. Kg3 Kg7 31. f3 Kf6 32. Kf4 Ke6 33.
Re3+ Kf6 34. Rd3 Rb1 35. Rd6+ Kg7 36. Rd3 Kg6 37. Ke5 f6+ 38. Kd6 f4 39. Kc7
Re1 40. Kxb7 Re3 41. Rd4 Rxb3+ 42. Kxa7 Rxf3 43. h4 Kf5 44. Kb6 Ra3 45. a5 f3
46. a6 f2 47. Rd1 Kg4 48. a7 Kxh4 0-1

[Event "Tournoi MI"]
[Site "?"]
[Date "2013.07.11"]
[Round "6"]
[White "Ider, Borya"]
[Black "Sochacki, Wojtek"]
[Result "1/2-1/2"]
[WhiteElo "2386"]
[BlackElo "2264"]
[PlyCount "157"]
[EventDate "2013.07.07"]
[EventRounds "9"]
[SourceDate "2013.07.07"]

1. d4 e6 2. g3 c5 3. Nf3 b5 4. Bg2 Bb7 5. c3 Nf6 6. O-O Be7 7. Nbd2 O-O 8. Re1
cxd4 9. cxd4 d5 10. Nb3 Nbd7 11. Bf4 Qb6 12. Ne5 Rfc8 13. Nd3 a5 14. Be3 Ng4
15. Qd2 Nxe3 16. Qxe3 a4 17. Nd2 Bf6 18. Nf3 Rc4 19. b3 Rc3 20. Rac1 b4 21.
Rxc3 bxc3 22. b4 Ba6 23. Rc1 Bxd3 24. Qxd3 Qxb4 25. Qxc3 Qxc3 26. Rxc3 Nb6 27.
e3 Rc8 28. Rxc8+ Nxc8 29. Kf1 Nd6 30. Nd2 Nb5 31. Nb1 Be7 32. Ke2 Kf8 33. Kd3
Ke8 34. Bf1 Kd7 35. Be2 Kc6 36. Bd1 a3 37. Ba4 Kb6 38. Bxb5 Kxb5 39. Nd2 Bb4
40. Nf3 f6 41. g4 Bd6 42. h4 Kb4 43. Ne1 Kb5 44. Nc2 Ka4 45. f4 f5 46. g5 h5
47. gxh6 gxh6 48. h5 Bb4 49. Na1 Kb5 50. Nb3 Kc6 51. Nc1 Kb5 52. Ne2 Be1 53.
Ng1 Bh4 54. Nf3 Bf6 55. Kc3 Ka4 56. Ne1 Be7 57. Nd3 Bd6 58. Kc2 Ka5 59. Kb3 Kb5
60. Ne1 Bb4 61. Nc2 Bd2 62. Nxa3+ Ka5 63. Nc2 Kb5 64. a3 Ka5 65. Nb4 Bxe3 66.
Nc6+ Kb6 67. Nd8 Bxf4 68. Nxe6 Bc1 69. a4 f4 70. Kc2 f3 71. Kd3 Ka5 72. Nc7
Kxa4 73. Nxd5 Kb5 74. Ne7 f2 75. Ke2 Kc4 76. d5 Ba3 77. Kxf2 Bxe7 78. d6 Bxd6
79. Kg2 1/2-1/2

[Event "Tournoi MI"]
[Site "?"]
[Date "2013.07.11"]
[Round "6"]
[White "Poley, Vladimir"]
[Black "Laurent, Julien G"]
[Result "1/2-1/2"]
[WhiteElo "2326"]
[BlackElo "2287"]
[PlyCount "108"]
[EventDate "2013.07.07"]
[EventRounds "9"]
[SourceDate "2013.07.07"]

1. g3 e5 2. Bg2 d5 3. c3 Nc6 4. d4 Nf6 5. Nh3 h6 6. O-O Be7 7. f3 O-O 8. Nf2
Re8 9. e3 Bf8 10. Nd2 Be6 11. Re1 Qd7 12. Nf1 Bf5 13. g4 Bg6 14. h4 exd4 15.
exd4 Rxe1 16. Qxe1 Bd6 17. Be3 Re8 18. h5 Bh7 19. Qd2 Qe7 20. Nh3 Nd7 21. Re1
f5 22. g5 hxg5 23. Nxg5 Nf6 24. Bf2 Qd7 25. Nxh7 Nxh7 26. Bh3 Rxe1 27. Bxe1 Qf7
28. Ng3 Ne7 29. f4 Qe6 30. Qe2 Kf7 31. Bd2 Nf6 32. Qxe6+ Kxe6 33. Be3 b6 34.
Kg2 c5 35. Kf3 Ne4 36. dxc5 bxc5 37. Ne2 Nf6 38. b4 Ne4 39. bxc5 Bxc5 40. Nd4+
Kf6 41. Bf2 Nxc3 42. Bh4+ Kf7 43. Nxf5 Nxf5 44. Bxf5 Nxa2 45. Bg6+ Kf8 46. f5
Bd4 47. f6 Bxf6 48. h6 Kg8 49. Bf2 gxh6 50. Bxa7 Nc3 51. Be8 Kf8 52. Bc6 Ke7
53. Be3 Kd6 54. Bxd5 Nxd5 1/2-1/2

[Event "Tournoi MI"]
[Site "?"]
[Date "2013.07.11"]
[Round "6"]
[White "Breahna, Radu"]
[Black "Bakalarz, Mietek"]
[Result "1/2-1/2"]
[WhiteElo "2266"]
[BlackElo "2308"]
[PlyCount "42"]
[EventDate "2013.07.07"]
[EventRounds "9"]
[SourceDate "2013.07.07"]

1. c4 e5 2. g3 c6 3. d4 exd4 4. Qxd4 d5 5. Bg2 Nf6 6. Nf3 Be7 7. cxd5 cxd5 8.
O-O Nc6 9. Qa4 O-O 10. Rd1 Ne4 11. Be3 Bf6 12. Nd4 Bd7 13. Qc2 Nxd4 14. Bxd4
Bxd4 15. Rxd4 Qf6 16. e3 Rac8 17. Nc3 Nxc3 18. bxc3 Be6 19. Qd2 g6 20. Bxd5
Bxd5 21. Rxd5 Qxc3 1/2-1/2

[Event "Tournoi MI"]
[Site "?"]
[Date "2013.07.11"]
[Round "6"]
[White "Dumitrache, Dragos-Nicolae"]
[Black "Bourdonnais, Loic"]
[Result "1-0"]
[WhiteElo "2451"]
[BlackElo "2190"]
[PlyCount "53"]
[EventDate "2013.07.07"]
[EventRounds "9"]
[SourceDate "2013.07.07"]

1. d4 f5 2. Nc3 d5 3. Bg5 Nf6 4. Bxf6 exf6 5. e3 Be6 6. Bd3 Nc6 7. a3 Qd7 8.
Nf3 g6 9. g3 h5 10. h4 Bf7 11. Ne2 Be7 12. Qd2 a5 13. Bb5 O-O 14. Rc1 Qd6 15.
Nf4 Nd8 16. c4 Qb6 17. Ba4 dxc4 18. d5 g5 19. hxg5 fxg5 20. Nxh5 Qh6 21. g4
fxg4 22. Ng3 Qf6 23. Nh2 Bd6 24. Nxg4 Qe7 25. Qd4 Bg6 26. Qh8+ Kf7 27. Rh7+ 1-0

[Event "Tournoi MI"]
[Site "?"]
[Date "2013.07.12"]
[Round "7"]
[White "Bakalarz, Mietek"]
[Black "Dumitrache, Dragos-Nicolae"]
[Result "1/2-1/2"]
[WhiteElo "2308"]
[BlackElo "2451"]
[PlyCount "40"]
[EventDate "2013.07.07"]
[EventRounds "9"]
[SourceDate "2013.07.07"]

1. d4 d5 2. c4 c6 3. Nf3 Nf6 4. cxd5 cxd5 5. Nc3 Nc6 6. Bf4 a6 7. e3 Bg4 8. Be2
e6 9. h3 Bxf3 10. Bxf3 Bd6 11. Bxd6 Qxd6 12. a3 O-O 13. O-O Rfc8 14. Na4 Nd7
15. b4 b5 16. Nc5 Nb6 17. Be2 Nc4 18. Bxc4 bxc4 19. Rb1 Rcb8 20. Qd2 Rb6
1/2-1/2

[Event "Tournoi MI"]
[Site "?"]
[Date "2013.07.12"]
[Round "7"]
[White "Sochacki, Wojtek"]
[Black "Poley, Vladimir"]
[Result "1-0"]
[WhiteElo "2264"]
[BlackElo "2326"]
[PlyCount "55"]
[EventDate "2013.07.07"]
[EventRounds "9"]
[SourceDate "2013.07.07"]

1. e4 c6 2. d4 Na6 3. f4 d5 4. e5 g6 5. c3 Nc7 6. Bd3 Nh6 7. Nf3 Bg7 8. Be3 O-O
9. O-O f6 10. Qe2 Bf5 11. Nbd2 Ne6 12. Bxf5 Nxf5 13. g4 Nxe3 14. Qxe3 Bh6 15.
exf6 Nxf4 16. g5 Rxf6 17. gxh6 Qf8 18. Kh1 Qxh6 19. Ne5 Rf5 20. Nd3 Qh3 21.
Qxh3 Nxh3 22. Rxf5 gxf5 23. Rf1 e6 24. Rf3 Ng5 25. Rg3 h6 26. h4 Kf7 27. hxg5
Rg8 28. g6+ 1-0

[Event "Tournoi MI"]
[Site "?"]
[Date "2013.07.12"]
[Round "7"]
[White "Bouget, Alexandre"]
[Black "Ider, Borya"]
[Result "1/2-1/2"]
[WhiteElo "2257"]
[BlackElo "2386"]
[PlyCount "40"]
[EventDate "2013.07.07"]
[EventRounds "9"]
[SourceDate "2013.07.07"]

1. e4 c6 2. Nc3 d5 3. Nf3 dxe4 4. Nxe4 Nf6 5. Nxf6+ exf6 6. d4 Bd6 7. Bd3 Bg4
8. Qe2+ Qe7 9. Qxe7+ Bxe7 10. Bf4 Na6 11. c3 O-O-O 12. Bxa6 bxa6 13. O-O-O g5
14. Be3 Bd6 15. h3 Bxf3 16. gxf3 Kd7 17. Kc2 Ke6 18. b4 Kf5 19. d5 Be5 20. dxc6
Rc8 1/2-1/2

[Event "Tournoi MI"]
[Site "?"]
[Date "2013.07.12"]
[Round "7"]
[White "Bourdonnais, Loic"]
[Black "Navrotescu, Andreea"]
[Result "1/2-1/2"]
[WhiteElo "2190"]
[BlackElo "2112"]
[PlyCount "200"]
[EventDate "2013.07.07"]
[EventRounds "9"]
[SourceDate "2013.07.07"]

1. c4 c5 2. Nc3 Nc6 3. g3 g6 4. Bg2 Bg7 5. Nf3 e6 6. O-O Nge7 7. a3 O-O 8. Rb1
d5 9. b4 cxb4 10. axb4 dxc4 11. b5 Nd4 12. Nxd4 Bxd4 13. Qa4 Qc7 14. Ba3 e5 15.
b6 Qd8 16. Ne4 Bf5 17. Qb4 Nc6 18. Qxf8+ Qxf8 19. Bxf8 Kxf8 20. bxa7 Bxa7 21.
Rxb7 Rb8 22. Rc7 Rb6 23. Ng5 e4 24. g4 Bxg4 25. Bxe4 Bxe2 26. Ra1 Bb8 27. Ra8
Kg7 28. Rxf7+ Kh6 29. h4 Kh5 30. Bxc6 Rb1+ 31. Kg2 Bf1+ 32. Kf3 Rb3+ 33. Ke4
Bg2+ 34. f3 Kxh4 35. Ne6 Kg3 36. Nd4 Rb6 37. Ra3 h5 38. Rf6 g5 39. Ke3 Bf4+ 40.
Ke2 Rb1 41. Nf5+ Kh2 42. Ne3 h4 43. Be4 Rc1 44. Rfa6 h3 45. Ra1 Rxa1 46. Rxa1
Kg3 47. Nf5+ Kh2 48. Bc2 Be5 49. Rb1 Bf4 50. Ba4 g4 51. fxg4 Be4 52. Rd1 Kg2
53. Ne3+ Kg3 54. Rg1+ Kh4 55. Nf5+ Kg5 56. Ng3 Bxg3 57. Rxg3 h2 58. Rh3 h1=Q
59. Rxh1 Bxh1 60. Bd7 Kf4 61. Kd1 Ke5 62. Bf5 Bf3+ 63. Kc2 Be2 64. Kc3 Bf1 65.
Bc8 Kf4 66. Kd4 Be2 67. Be6 Kg5 68. Ke3 Bd3 69. Bf5 Bf1 70. Kf3 Bh3 71. Kg3 Bf1
72. Be4 Be2 73. Bf3 Bd3 74. Kf2 Kf4 75. Be2 Be4 76. Ke1 Bd5 77. Kd1 Ke5 78. Kc2
Kd4 79. g5 Be4+ 80. Kb2 Bg6 81. Bd1 Bf7 82. Bc2 Bg8 83. g6 Be6 84. g7 Bg8 85.
Bb1 Ke5 86. Kc3 Kf6 87. Ba2 Kxg7 88. Bxc4 Bh7 89. Kd4 Kf6 90. Kc5 Ke7 91. Bb5
Bf5 92. Kd5 Bg4 93. Ke5 Bf3 94. d4 Bg2 95. Bd3 Bf3 96. Be4 Bd1 97. d5 Bb3 98.
d6+ Kd8 99. Bd5 Ba4 100. Be6 Bb5 1/2-1/2

[Event "Tournoi MI"]
[Site "?"]
[Date "2013.07.13"]
[Round "8"]
[White "Dumitrache, Dragos-Nicolae"]
[Black "Laurent, Julien G"]
[Result "1/2-1/2"]
[WhiteElo "2451"]
[BlackElo "2287"]
[PlyCount "39"]
[EventDate "2013.07.07"]
[EventRounds "9"]
[SourceDate "2013.07.07"]

1. d4 Nf6 2. Nf3 e6 3. Bg5 c5 4. c3 h6 5. Bh4 b6 6. e3 Bb7 7. Bd3 Be7 8. Nbd2
Nc6 9. O-O d5 10. Qe2 O-O 11. Rad1 Ne4 12. Bxe7 Nxe7 13. Ba6 Bxa6 14. Qxa6 Nxd2
15. Rxd2 Qc8 16. Qxc8 Raxc8 17. Re1 Rc7 18. h3 Rfc8 19. Kf1 Kf8 20. Ke2 1/2-1/2

[Event "Tournoi MI"]
[Site "?"]
[Date "2013.07.13"]
[Round "8"]
[White "Bourdonnais, Loic"]
[Black "Bakalarz, Mietek"]
[Result "1-0"]
[WhiteElo "2308"]
[BlackElo "2308"]
[PlyCount "97"]
[EventDate "2013.07.07"]
[EventRounds "9"]
[SourceDate "2013.07.07"]

1. c4 e5 2. g3 c6 3. Nf3 e4 4. Nd4 Qb6 5. e3 Nf6 6. Bg2 d5 7. cxd5 cxd5 8. O-O
Nc6 9. d3 Bg4 10. Qa4 Qb4 11. Qxb4 Nxb4 12. dxe4 dxe4 13. Nc3 Bc5 14. Nxe4 Bxd4
15. exd4 Nc2 16. Nxf6+ gxf6 17. Bxb7 Rb8 18. Bc6+ Bd7 19. Bf4 Bxc6 20. Bxb8
Nxa1 21. Rxa1 a6 22. Bf4 Kd7 23. Re1 Bd5 24. b3 Rc8 25. Rc1 Rxc1+ 26. Bxc1 Be4
27. Kf1 Bb1 28. a3 Ba2 29. b4 Ke6 30. Ke2 Bd5 31. Kd3 Kf5 32. h4 h5 33. a4 Bc6
34. Kc4 Bxa4 35. d5 Ke4 36. Kc5 Kf5 37. Bf4 Bb5 38. Kd6 Ke4 39. f3+ Kd4 40. g4
hxg4 41. fxg4 Be2 42. h5 Bxg4 43. h6 Bf5 44. Kc6 Be4 45. Kb6 Kxd5 46. Kxa6 Bd3+
47. Kb6 Kc4 48. b5 Be4 49. Ka6 1-0

[Event "Tournoi MI"]
[Site "?"]
[Date "2013.07.13"]
[Round "8"]
[White "Poley, Vladimir"]
[Black "Bouget, Alexandre"]
[Result "0-1"]
[WhiteElo "2326"]
[BlackElo "2257"]
[PlyCount "74"]
[EventDate "2013.07.07"]
[EventRounds "9"]
[SourceDate "2013.07.07"]

1. Nf3 Nf6 2. g3 g6 3. b4 Bg7 4. Bb2 O-O 5. Bg2 Na6 6. a3 c5 7. c3 d5 8. d3 b6
9. O-O Bb7 10. Nbd2 Re8 11. Re1 Nd7 12. Qb3 Nc7 13. e4 a5 14. bxa5 Rxa5 15.
exd5 Bxd5 16. c4 Rb5 17. Qa4 Rxb2 18. cxd5 Nxd5 19. Qc6 Nc3 20. Nc4 Re2 21.
Rac1 Rxe1+ 22. Rxe1 b5 23. Ncd2 e6 24. Ne4 Qc8 25. Qd6 Rd8 26. Nfg5 Nxe4 27.
dxe4 Ne5 28. Qb6 h6 29. Nxe6 fxe6 30. Bh3 Nf3+ 31. Kh1 Nd4 32. Rc1 Qa8 33.
Bxe6+ Nxe6 34. Qxe6+ Kh7 35. Rxc5 Qxa3 36. Rd5 Qf3+ 37. Kg1 Ra8 0-1

[Event "Tournoi MI"]
[Site "?"]
[Date "2013.07.14"]
[Round "9"]
[White "Bouget, Alexandre"]
[Black "Breahna, Radu"]
[Result "1-0"]
[WhiteElo "2257"]
[BlackElo "2266"]
[PlyCount "59"]
[EventDate "2013.07.07"]
[EventRounds "9"]
[SourceDate "2013.07.07"]

1. d4 d5 2. c4 e6 3. Nc3 Nf6 4. cxd5 exd5 5. Bg5 c6 6. Qc2 Be7 7. e3 Nbd7 8.
Bd3 Nh5 9. Bxe7 Qxe7 10. Nge2 Ndf6 11. h3 g6 12. O-O-O Ng7 13. Kb1 Bf5 14. Nf4
Bxd3 15. Nxd3 Nf5 16. Rhe1 O-O 17. g4 Nd6 18. f3 Rfd8 19. e4 dxe4 20. fxe4 Nc4
21. e5 Nd5 22. Nxd5 cxd5 23. Qf2 Rac8 24. h4 Rc6 25. Re2 Rb6 26. Ka1 Rc8 27.
Rf1 Rcc6 28. g5 Rb5 29. Qf4 Rcb6 30. Ref2 1-0

[Event "Tournoi MI"]
[Site "?"]
[Date "2013.07.14"]
[Round "9"]
[White "Ider, Borya"]
[Black "Poley, Vladimir"]
[Result "1-0"]
[WhiteElo "2386"]
[BlackElo "2326"]
[PlyCount "49"]
[EventDate "2013.07.07"]
[EventRounds "9"]
[SourceDate "2013.07.07"]

1. d4 g6 2. Nf3 Bg7 3. g3 b5 4. Bg2 Bb7 5. Qd3 a6 6. a4 c6 7. O-O Nf6 8. e4 O-O
9. e5 Ne8 10. Re1 Nc7 11. Nc3 d6 12. exd6 exd6 13. Bg5 f6 14. Bf4 d5 15. h4 Nd7
16. Bh3 Re8 17. Rxe8+ Nxe8 18. Re1 Bf8 19. Be6+ Kh8 20. h5 g5 21. Bf7 Nc7 22.
Bd2 Bd6 23. Qf5 h6 24. Re8+ Nxe8 25. Qg6 1-0

[Event "Tournoi MI"]
[Site "?"]
[Date "2013.07.14"]
[Round "9"]
[White "Laurent, Julien G"]
[Black "Bourdonnais, Loic"]
[Result "1/2-1/2"]
[WhiteElo "2287"]
[BlackElo "2190"]
[PlyCount "87"]
[EventDate "2013.07.07"]
[EventRounds "9"]
[SourceDate "2013.07.07"]

1. Nf3 c5 2. c4 Nc6 3. d4 cxd4 4. Nxd4 g6 5. e4 Bg7 6. Be3 d6 7. Be2 Nf6 8. Nc3
O-O 9. f3 Bd7 10. Qd2 a6 11. O-O Rc8 12. b3 Re8 13. Rab1 e6 14. Nxc6 Bxc6 15.
Rfd1 d5 16. e5 Nd7 17. cxd5 exd5 18. f4 f6 19. Nxd5 fxe5 20. Bg4 Qh4 21. Bxd7
Bxd7 22. Nb6 Bc6 23. Nxc8 Rxc8 24. Qf2 Qh5 25. Rd2 Rf8 26. Rbd1 exf4 27. Bc5
Rf5 28. Be7 Kf7 29. Qh4 f3 30. g4 Qxh4 31. Bxh4 Rf4 32. h3 Re4 33. Bf2 Re2 34.
a4 Bc3 35. Rd3 Be5 36. Re1 Rxe1+ 37. Bxe1 Ke6 38. Bf2 Bd5 39. Bc5 Bf4 40. Kf2
h5 41. gxh5 gxh5 42. h4 Be5 43. Re3 Kf5 44. Rxe5+ 1/2-1/2

[Event "Tournoi MI"]
[Site "?"]
[Date "2013.07.14"]
[Round "9"]
[White "Bakalarz, Mietek"]
[Black "Navrotescu, Andreea"]
[Result "1/2-1/2"]
[WhiteElo "2308"]
[BlackElo "2112"]
[PlyCount "82"]
[EventDate "2013.07.07"]
[EventRounds "9"]
[SourceDate "2013.07.07"]

1. e4 c5 2. c3 d5 3. exd5 Qxd5 4. d4 Nf6 5. Nf3 Bg4 6. dxc5 Qxd1+ 7. Kxd1 Nc6
8. Be3 O-O-O+ 9. Kc1 Nd5 10. Bb5 Nxe3 11. fxe3 f6 12. Nbd2 e5 13. b4 a6 14. Bc4
Kc7 15. h3 Bf5 16. e4 Bc8 17. Kc2 g6 18. Rad1 Bh6 19. Bd5 Ne7 20. Bb3 Bf4 21.
Nc4 Rxd1 22. Rxd1 f5 23. Nd6 fxe4 24. Nxe4 Nf5 25. Kb2 Ne3 26. Rg1 Bf5 27. Nfd2
h5 28. g3 Bh6 29. Nf2 Rf8 30. Nde4 Bd7 31. g4 hxg4 32. hxg4 Bf4 33. g5 Rf5 34.
a4 Bc6 35. b5 axb5 36. axb5 Bxb5 37. Nd6 Bh2 38. Nxb5+ Kc6 39. Na7+ Kc7 40.
Nb5+ Kc6 41. Na7+ Kc7 1/2-1/2